00318nam a2200109Ia 4500008004000000020001800040082001500058100001900073245006300092260004000155300001300195210210b1993 xxu||||| |||| 00| 0 eng d a81 7033 211 6 a305.5 MOHS aMOHANTI (K K). aSocial mobility and caste dynamics. The Kansari of Orissa. aJaipur.bRawat Publications.,c1993 aviii,256